LEADER 01946nam a2200325 i 4500 001 000000169610 003 CaOOAMICUS 005 20250115135619.0 008 080226s2008 gw u000 u ger u 020 $a978-3-525-53088-7 040 $aSeMil$bita 245 10$aPaulus und die antike Welt :$bBeiträge zur zeit- und religionsgeschichtlichen Erforschung des paulinischen Christentums : [Festgabe für Dietrich-Alex Koch zum 65. Geburtstag] /$cDavid C. Bienert, Joachim Jeska, Thomas Witulski (Hg.) 260 $aGöttingen :$bVandenhoeck & Ruprecht,$c2008. 300 $a248 p. [1] carta di tav. :$britr. ;$c24 cm 490 0 $aForschungen zur Religion und Literatur des Alten und Neuen Testaments ;$v222 504 $aBibliographie [von] Dietrich-Alex Koch 600 04$aPaolo .$0(OLS)http://semarc/subject/1316 650 4$aCristianesimo primitivo.$0(OLS)http://semarc/subject/1282 700 1 $aBienert, David C.,$d<1976- >.$0(OLS)http://semarc/name/60152 700 1 $aKoch, Dietrich-Alex,$d<1942- >,$ededicatario miscellanea.$0(OLS)http://semarc/name/60153 700 1 $aWitulski, Thomas,$d<1964- >.$0(OLS)http://semarc/name/37424 700 1 $aJeska, Joachim.$0(OLS)http://semarc/name/44012 830 0$aForschungen zur Religion und Literatur des Alten und Neuen Testaments ;$v222.$0(OLS)http://semarc/title/298 850 $aSeMil 852 $aSeMil$W1$xVenegono$y1$m2XA S 222$j253851$B120532$CSeMilBibl$Z2$F131935 $81 961 $aSottoscrizione: Vandenhoeck & Ruprecht 996 $6020$a978-3-525-53088-7$9(OLS)http://semarc/number/156505 996 $6245$aPaulus und die antike Welt :$bBeiträge zur zeit- und religionsgeschichtlichen Erforschung des paulinischen Christentums : [Festgabe für Dietrich-Alex Koch zum 65. Geburtstag]$9(OLS)http://semarc/title/242557 996 $6260$aGöttingen :$bVandenhoeck & Ruprecht$9(OLS)http://semarc/publisher/29697 LEADER 01004nam a2200217 4500 001 000000355717 003 CaOOAMICUS 005 20231016100242.0 008 231016s1845 it 000 u ita r 040 $aSeMil$bita 100 11$aCantù, Ignazio,$d<1810-1877>.$0(OLS)http://semarc/name/3208 245 10$a5: Wieland e i suoi contemporanei :$bdall'inglese. 264 1$aMilano :$bTipografia di Ranieri Fanfani,$c1845. 300 $a119 p. ;$c17 cm 600 14$aWieland, Christoph M.$0(OLS)http://semarc/subject/46691 773 0 $tPiccole disgrazie di alcuni uomini di genio narrate in biografie.$dMilano : Tipografia di Ranieri Fanfani, 1845.$g5$w()355712 850 $aSeMil 852 $aSeMil$W1$xVenegono$y1$m1Q I 13/5 FA$j243918$B246956$CSeMilBibl$Z2$F246956 $8I 996 $6245$a5: Wieland e i suoi contemporanei :$bdall'inglese$9(OLS)http://semarc/title/445950 996 $6264$aMilano :$bTipografia di Ranieri Fanfani$9(OLS)http://semarc/publisher/61327